Wszystkie reprezentacje którym strzelal Lionel Messi - Statystyki

Ogólne statystyki
  • Ten quiz został rozwiązany 135 razy
    113 od ostatniego zresetowania
  • Średni wynik to 23 z 36
Statystyki odpowiedzi
Liczba strzelonych goli Reprezentacja % Poprawnych
5 Brazylia
96%
3 Francja
96%
6 Urugwaj
96%
1 USA
94%
4 Meksyk
92%
1 Holandia
90%
5 Chile
89%
3 Kolumbia
89%
1 Niemcy
89%
1 Portugalia
89%
5 Paragwaj
87%
2 Hiszpania
85%
8 Boliwia
84%
3 Peru
83%
6 Ekwador
82%
3 Chorwacja
78%
8 Wenezuela
78%
1 Arabia Saudyjska
77%
2 Australia
76%
3 Nigeria
71%
4 Panama
63%
1 Iran
54%
3 Szwajcaria
53%
2 Honduras
51%
2 Jamajka
43%
2 Algieria
41%
5 Estonia
41%
1 Bosnia
38%
3 Haiti
35%
3 Gwatemala
33%
1 Słowenia
33%
2 Nikaragua
31%
1 ZEA
26%
1 Albania
22%
3 Curacao
17%
2 Hong Kong
7%
Nie znaleziono quizów pasujących do podanych kryteriów
Rozkład punktacji
Procent ludzi z każdym wynikiem
Percentyl według liczby udzielonych odpowiedzi
Twoja historia wyników
Nie rozwiązałeś tego quizu od ostatniego zresetowania